A TEXTBOOK OF ENVIRONMENTAL CHEMISTRY AND POLLUTION CONTROL (WITH ENERGY,ECOLOGY,ETHICS AND SOCIETY) (Record no. 9380)
[ view plain ]
| 000 -LEADER | |
|---|---|
| fixed length control field | 00552nam a22001697a 4500 |
| 003 - CONTROL NUMBER IDENTIFIER | |
| control field | SGT |
| 020 ## - INTERNATIONAL STANDARD BOOK NUMBER | |
| International Standard Book Number | 9788121908832 |
| 082 ## - DEWEY DECIMAL CLASSIFICATION NUMBER | |
| Classification number | 363.73,DAR |
| 100 ## - MAIN ENTRY--PERSONAL NAME | |
| Personal name | DR. DARA S.S. |
| 245 ## - TITLE STATEMENT | |
| Title | A TEXTBOOK OF ENVIRONMENTAL CHEMISTRY AND POLLUTION CONTROL (WITH ENERGY,ECOLOGY,ETHICS AND SOCIETY) |
| 250 ## - EDITION STATEMENT | |
| Edition statement | 9TH |
| 260 ## - PUBLICATION, DISTRIBUTION, ETC. (IMPRINT) | |
| Place of publication, distribution, etc | NEW DELHI |
| Name of publisher, distributor, etc | S.CHAND |
| Year of Publication | 2015 |
| 300 ## - PAGE DESCRIPTION | |
| No. of Pages | 522 |
| 650 ## - SUBJECT ADDED ENTRY--TOPICAL TERM | |
| Topical term or geographic name as entry element | OTHER SOCIAL PROBLEMS AND SERVICES |
| 653 ## - KEYWORDS--INDEX TERM | |
| Keyword term | ENVIRONMENTAL CHEMISTRY, ENVIRONMENTAL POLLUTION, HAZARDOUS WASTES, NATURAL RESOURCES, ECOSYSTEMS |
| 942 ## - ADDED ENTRY ELEMENTS (KOHA) | |
| Source of classification or shelving scheme | Dewey Decimal Classification |
| Koha item type | FPS Books |
| 942 ## - ADDED ENTRY ELEMENTS (KOHA) | |
| -- | 4 |
| Withdrawn status | Lost status | Source of classification or shelving scheme | Damaged status | Not for loan | Collection code | Home library | Current library | Shelving location | Date acquired | Vendor Name | Cost, normal purchase price | SGTU | Bill Number | Total Checkouts | Full call number | Accession No. (Barcode) | Date last seen | Date last borrowed | Bill Date | Koha item type |
|---|---|---|---|---|---|---|---|---|---|---|---|---|---|---|---|---|---|---|---|---|
| Dewey Decimal Classification | SCIENCE | SGT Science & Social Sciences Library | SGT Science & Social Sciences Library | Text Book | 01/07/2016 | AHUJA BOOKS | 275.00 | SGTU | 6884 | 3 | 363.73,DAR | PS1869 | 10/01/2025 | 17/12/2024 | 21/04/2016 | FPS Books | ||||
| Dewey Decimal Classification | SCIENCE | SGT Science & Social Sciences Library | SGT Science & Social Sciences Library | Text Book | 01/07/2016 | AHUJA BOOKS | 275.00 | SGTU | 6884 | 11 | 363.73,DAR | PS1870 | 17/12/2024 | 09/12/2024 | 21/04/2016 | FPS Books | ||||
| Dewey Decimal Classification | Not For Loan | SCIENCE | SGT Science & Social Sciences Library | SGT Science & Social Sciences Library | Reference Book | 05/07/2016 | KIRTI PRAKASHAN | 275.00 | SGTU | 2911 | 363.73,DAR | PS908 | 05/07/2016 | 15/09/2015 | FPS Books |